| 000 | 01972nam a22003617a 4500 | ||
|---|---|---|---|
| 999 |
_c64493 _d64493 |
||
| 001 | 768714001 | ||
| 003 | CO-MdFUSB | ||
| 005 | 20180905084113.0 | ||
| 008 | 180905t19331976xxu||||| |||| 00| 0 spa d | ||
| 040 |
_aCO-MdFUSB _bspa _cCO-MdFUSB _dCO-MdFUSBC _erda |
||
| 041 | _aspa | ||
| 082 |
_223 _a227.707 _bER66 |
||
| 100 |
_aErdman, Carlos R. _eautor |
||
| 245 | 4 |
_aLas epístolas a los Colosenses y a Filemón _c/ Carlos R. Erdman |
|
| 264 | 1 |
_aGrand Rapids, Michigan USA : _bTell, _c℗[1976] |
|
| 264 | 4 | _c©1933 | |
| 300 |
_a147 páginas ; _c19 cm |
||
| 336 |
_2rdacontent _atexto _btxt |
||
| 337 |
_2rdamedia _asin mediación _bn |
||
| 338 |
_2rdacarrier _avolumen _bnc |
||
| 490 | _aComentarios sobre los libros del Nuevo Testamento | ||
| 505 |
_gl. _tPrefacio. Col. 1:1-14: _a1. Saludo. Cap. 1:1,2 -- 2. Acción de gracias. Cap. 1:3-8 -- 3. Oración. Cap. 1:9-14 |
||
| 505 |
_gll. _tPreeminencia de Cristo. Col. 1:15-23: _a1. Su persona divina. Cap. 1:15-18 -- 2. Su obra reconciliación. Cap. 1:19-23 |
||
| 505 |
_glll. _tEl apóstol de Cristo. Cap. 1:24 al 2:7: _a1. Servicio de Pablo. Cap. 1:24-29 -- 2. Solicitud de Pablo. Cap. 2:1-7 |
||
| 505 |
_gIV. _tLa filosofía falsa y la fe verdadera. Caps. 2:8 al 3:4: _a1. La suficiencia de Cristo. Cap. 2:8-15 -- 2. Doble advertencia. Cap. 2:16-19 -- 3. Doble exhortación. Caps. 2:20 al 3:4 |
||
| 505 |
_gV. _tLa vida cristiana. Caps. 3:5 al 4:6: _a1. La vida antigua y la nueva. Cap. 3:5-17 -- a. Despojarse de la antigua. Cap. 3:5-11, revertirse de la nueva. Cap 3:12-17 -- 2. El hogar cristiano. Caps. 3:1 al 4:1 -- Espíritu de Oración y discreción. Cap. 4:2-6 |
||
| 505 |
_gVl. _tLos compañeros del apóstol. Caps. 4:7-17: _a1. Recomendación de sus mensajeros. Cap. 4:7-9 -- 2. Saludos de amigos. Cap. 4:10-14 -- 3. Mensajes personales. Caps. 4:15-17 |
||
| 505 |
_gVll. _tConclusión. Cap. 4:18. |
||
| 563 | _aTapa rústica | ||
| 630 | 0 | 7 |
_aBiblia. _pColosenses |
| 630 | 0 | 7 |
_aBiblia. _pFilemón |
| 942 | _cBK | ||